| 000 | 01042nam a2200325 a 4500 | ||
|---|---|---|---|
| 001 | 4503237 | ||
| 003 | GBCCL | ||
| 005 | 20241126110408.0 | ||
| 008 | 971009s1996 ii b 000 0 eng | ||
| 010 | _a 97905333 | ||
| 020 | _a8172143389 | ||
| 025 | _aI-E-97-905333; 13 | ||
| 040 |
_aDLC _cDLC |
||
| 042 | _alcode | ||
| 050 | 0 | 0 |
_aBR127 _b.R26 1996 |
| 082 |
_a266.001 _bRAM |
||
| 100 | 1 |
_aRamachandra, Vinoth. _93644 |
|
| 245 | 1 | 4 |
_aThe recovery of mission : _bbeyond the pluralist paradigm / _cVinoth Ramachandra. |
| 250 | _a1st Indian ed. | ||
| 260 |
_aDelhi : _bIndian Society for Promoting Christian Knowledge, _c1996. |
||
| 300 |
_axiii, 293 p. ; _c23 cm. |
||
| 504 | _aIncludes bibliographical references (p. 285-293). | ||
| 650 | 0 |
_aChristianity and other religions. _912 |
|
| 650 | 0 |
_aReligious pluralism. _9260 |
|
| 650 | 0 |
_aTheology _xMethodology. _9438 |
|
| 710 | 2 |
_aI.S.P.C.K. (Organization) _9393 |
|
| 906 |
_a7 _bcbc _corigode _d3 _encip _f19 _gy-gencatlg |
||
| 942 |
_2ddc _cBK |
||
| 999 |
_c1760 _d1760 |
||